[Event "SVK-ch op"]
[Site "Ruzomberok"]
[Date "2019.07.02"]
[Round "4"]
[White "Janik, Miroslav"]
[Black "Jakab, Stefan"]
[Result "1-0"]
[WhiteElo "1889"]
[BlackElo "1751"]
[PlyCount "77"]
[EventDate "2019.06.29"]
[EventType "swiss"]
[EventRounds "9"]
[EventCountry "SVK"]
[SourceTitle "CBM 191 Extra"]
[Source "ChessBase"]
[SourceDate "2019.09.30"]
[SourceVersion "1"]
[SourceVersionDate "2019.09.30"]
[SourceQuality "1"]

1. e4 c5 2. Nf3 Nc6 3. d4 cxd4 4. Nxd4 d6 5. Nc3 a6 6. g3 Nf6 7. Bg2 g6 8. Nxc6 bxc6 9. e5 Nd5 10. Nxd5 cxd5 11. Bxd5 Rb8 12. exd6 e6 13. Bg2 Bxd6 14. Bc6+ Ke7 15. 0-0 Qb6 16. Qf3 f6 17. Rd1 Bb7 18. Bxb7 Rxb7 19. Be3 Qc7 20. Rd3 Rd8 21. Rad1 Rbb8 22. Bd4 e5 23. Bc3 a5 24. Rd5 Bc5 25. Qd3 Rxd5 26. Qxd5 Rb5 27. Kg2 Rb8 28. a4 h5 29. Qe4 Qb7 30. Qxb7+ Rxb7 31. b3 Bb4 32. Bxb4+ axb4 33. f4 e4 34. Rd4 f5 35. a5 Rc7 36. Rxb4 Rxc2+ 37. Kf1 Kd7 38. Ra4 Rxh2 39. a6 1-0

[Event "SVK-chT2C 1617"]
[Site "Slovakia"]
[Date "2016.12.03"]
[Round "5.8"]
[White "Klein, Peter"]
[Black "Jakab, Stefan"]
[Result "1-0"]
[WhiteElo "1975"]
[BlackElo "1839"]
[PlyCount "49"]
[EventDate "2016.10.08"]
[EventType "team-tourn"]
[EventRounds "11"]
[EventCountry "SVK"]
[SourceTitle "EXT 2018"]
[Source "ChessBase"]
[SourceDate "2017.10.13"]
[SourceVersion "1"]
[SourceVersionDate "2017.10.13"]
[SourceQuality "1"]
[WhiteTeam "Filakovo"]
[BlackTeam "Cebovce"]
[WhiteTeamCountry "SVK"]
[BlackTeamCountry "SVK"]

1. e4 e5 2. Nf3 Nc6 3. d4 exd4 4. Bc4 Be7 5. c3 Nf6 6. e5 Ng4 7. cxd4 d6 8. h3 Nh6 9. Bxh6 gxh6 10. Qb3 0-0 11. Qc2 dxe5 12. dxe5 Nd4 13. Qe4 Bb4+ 14. Nc3 c5 15. 0-0 Bxc3 16. bxc3 Nxf3+ 17. Qxf3 Qg5 18. Rfe1 Rb8 19. Bd3 Be6 20. Re3 Kh8 21. Qe4 f5 22. exf6 Bg8 23. Rg3 Rbe8 24. Rxg5 Rxe4 25. Rxg8+ 1-0

[Event "SVK-chT2C 1314"]
[Site "Slovakia"]
[Date "2014.01.11"]
[Round "5.7"]
[White "Hindicky, Frantisek"]
[Black "Jakab, Stefan"]
[Result "1-0"]
[WhiteElo "1926"]
[BlackElo "1822"]
[PlyCount "111"]
[EventDate "2013.10.19"]
[EventType "team-tourn"]
[EventRounds "11"]
[EventCountry "SVK"]
[SourceTitle "EXT 2015"]
[Source "ChessBase"]
[SourceDate "2014.11.20"]
[SourceVersion "1"]
[SourceVersionDate "2014.11.20"]
[SourceQuality "1"]
[WhiteTeam "Zvolen Slavia"]
[BlackTeam "Cebovce"]
[WhiteTeamCountry "SVK"]
[BlackTeamCountry "SVK"]

1. d4 d5 2. c4 dxc4 3. a4 Nf6 4. e3 e6 5. Bxc4 Be7 6. Nc3 0-0 7. Nf3 a5 8. 0-0 b6 9. Qe2 Bb7 10. Rd1 Bb4 11. Ne5 Bxc3 12. bxc3 Nd5 13. Bd2 Nd7 14. Nxd7 Qxd7 15. e4 Ne7 16. f3 h6 17. Be3 Rad8 18. Bb3 Ng6 19. c4 Qe7 20. d5 exd5 21. cxd5 Qd6 22. Qc2 Rfe8 23. Rac1 Re7 24. Bf2 Ne5 25. Bg3 Rc8 26. Qc3 Kf8 27. f4 Nd7 28. e5 Qc5+ 29. Bf2 Qxc3 30. Rxc3 Nb8 31. Rdc1 Na6 32. d6 Rd7 33. dxc7 Rdxc7 34. Rxc7 Rxc7 35. Rxc7 Nxc7 36. Bxb6 Bd5 37. Bc2 Ne6 38. f5 Nf4 39. g3 Ne2+ 40. Kf2 Bc4 41. Bxa5 Nd4 42. Be4 Bb3 43. Bb4+ Ke8 44. a5 Bc4 45. Ke3 Nb3 46. Bb7 Kd7 47. a6 Kc7 48. Bf8 Na5 49. Bxg7 h5 50. Kf4 Be2 51. Kg5 Kb8 52. Kf6 Bc4 53. Bf3 Bxa6 54. Kxf7 Nc4 55. e6 Ne5+ 56. Bxe5+ 1-0

[Event "SVK-chT2C 1314"]
[Site "Slovakia"]
[Date "2013.11.24"]
[Round "4.7"]
[White "Balala, Anton"]
[Black "Jakab, Stefan"]
[Result "1-0"]
[WhiteElo "1879"]
[BlackElo "1822"]
[PlyCount "79"]
[EventDate "2013.10.19"]
[EventType "team-tourn"]
[EventRounds "11"]
[EventCountry "SVK"]
[SourceTitle "EXT 2015"]
[Source "ChessBase"]
[SourceDate "2014.11.20"]
[SourceVersion "1"]
[SourceVersionDate "2014.11.20"]
[SourceQuality "1"]
[WhiteTeam "Liptovska Stiavnica"]
[BlackTeam "Cebovce"]
[WhiteTeamCountry "SVK"]
[BlackTeamCountry "SVK"]

1. e4 c5 2. d4 cxd4 3. c3 d6 4. cxd4 Nf6 5. Nc3 e6 6. Nf3 a6 7. Be2 Be7 8. 0-0 0-0 9. h3 b5 10. a3 Bb7 11. Bd3 Nc6 12. Bf4 Rc8 13. Rc1 Nd7 14. Bb1 e5 15. Bh2 exd4 16. Nd5 Nf6 17. Nxe7+ Qxe7 18. Re1 Rfe8 19. Nxd4 Nxd4 20. Rxc8 Rxc8 21. Qxd4 Qd7 22. f3 Ne8 23. e5 d5 24. Qd3 g6 25. Bf4 Nc7 26. h4 h5 27. Bg5 Ne6 28. Bf6 Rc4 29. Qd2 Nf4 30. g3 Qh3 31. gxf4 Qxf3 32. Qg2 Qxf4 33. Bxg6 Qg4 34. Bxh5 Qxg2+ 35. Kxg2 d4+ 36. Kf2 d3 37. Rg1+ Kf8 38. Ke3 Be4 39. Rg7 Bd5 40. Rh7 1-0